000 00218nam a2200097Ia 4500
008 240331s9999 xx 000 0 und d
082 _bPEN
100 _aWERC. ed
245 0 _aPenkalukkanachaddaviyal vilakkam
942 _cL
999 _c3585
_d3585